000 00652nam a2200265Ia 4500
005 20260306153226.0
008 008 260114s9999 xx 000 0 eng d
020 _a9781009086448
037 _aEBOOK
040 _aCRL
040 _beng
040 _cCRL
041 _2eng
041 _aeng
084 _qCRL
100 _aHancock/Thornbury
_91125032
245 0 _aMark Hancock’s 50 Tips for Teaching Pronunciation
250 _a1st ed
260 _bCambridge University Press
260 _c2023
650 _aLinguistics
856 _uhttps://doi.org/10.1017/9781009086448
942 _cEBOOK
999 _c1702634
_d1702634